Geografía Alfabética #1 - Estadísticas

Estadísticas generales
  • Esta prueba ha sido intentada 308 veces
    263 desde el último reinicio
  • La puntuación promedio es 19 de 25
Estadísticas de respuestas
Letra Pista Respuesta % Correcto
A Ciudad capital de los Países Bajos Ámsterdam
99%
I País más poblado India
94%
G Estrecho que separa España de Marruecos Gibraltar
93%
J País cuya capital es la ciudad de Kingston Jamaica
92%
Q Ciudad capital de Ecuador Quito
92%
S País nórdico que posee frontera con Noruega y Finlandia Suecia
92%
M Ciudad más poblada de la península ibérica Madrid
91%
V País sudamericano cuya capital es la ciudad de Caracas Venezuela
89%
H Miembro de la unión europea Hungría
88%
F Capital de Italia entre 1865 y 1871 Florencia
86%
B Entrada del mar en tierra, generalmente menor que un golfo Bahía
84%
E Río cercano al Tigris Eúfrates
82%
C Isla contigua a la isla de Córcega Cerdeña
78%
W Ciudad capital de Nueva Zelanda Wellington
78%
Y Península septentrional de Mesoamérica que divide el golfo de México Yucatán
78%
U Antiguamente, Rusia pertenecía a este estado federal URSS
75%
N Término utilizado como sinónimo de "japonés" Nipón
73%
R Moneda utilizada en Rusia Rublo
72%
Z Lago situado en la ciudad suiza del mismo nombre Zúrich
72%
O Provincia situada en la comunidad autónoma de Galicia Ourense
71%
D Deposición de los elementos fluviales en la desembocadura de un río Delta
68%
L Miembro de la Comunidad Europea del Carbón y el Acero Luxemburgo
61%
T Bosque ártico en el que predominan las coníferas Taiga
36%
P Capa de suelo permanentemente congelada Permafrost
35%
K Volcán más reciente y activo de la isla de Hawái Kilauea
20%
No se encontraron pruebas coincidentes
Distribución de puntuación
Porcentaje de gente con cada puntuación
Porcentaje por número respondido
Historial de tus puntuaciones
No has intentado esta prueba desde el último reinicio